书目信息 |
| 题名: |
古今杰出小提琴家
|
|
| 作者: | Раабен , 拉阿本 著 ;廖叔同 译 | |
| 分册: | ||
| 出版信息: | 北京 人民音乐出版社 1997 |
|
| 页数: | 284页 | |
| 开本: | 20cm | |
| 丛书名: | ||
| 单 册: | ||
| 中图分类: | K815.76 | |
| 科图分类: | ||
| 主题词: | 小提琴--演奏家--列传--世界 , 演奏家 , 小提琴 | |
| 电子资源: | ||
| ISBN: | 7-103-01516-3 | |
| 000 | 01018nam0 2200265 45 | |
| 001 | 010090001082 | |
| 005 | 20070806181815.85 | |
| 010 | @a7-103-01516-3@dCNY13.30 | |
| 100 | @a20020725e20011997em y0chiy0120 ea | |
| 101 | 1 | @achi@crus |
| 102 | @aCN@b110000 | |
| 105 | @aa z 000yc | |
| 200 | 1 | @a古今杰出小提琴家@9gu jin jie chu xiao ti qin jia@f(苏)Л.拉阿本(Лев Николаевич Раабен)著@g廖叔同译 |
| 210 | @a北京@c人民音乐出版社@d1997@h2001 | |
| 215 | @a284页@c图@d20cm | |
| 330 | @a本书包括二十六个小提家的传记,从三百年前的科列里一直到当代的克莱斯勒、海斐茨、梅纽因、奥伊斯特拉赫,在介绍这些音乐家成就和贡献的同时,也使我们看清西欧小提琴演奏艺术三百年来发展的来龙去脉。 | |
| 606 | 0 | @a小提琴@x演奏家@x列传@y世界 |
| 606 | 0 | @a演奏家 |
| 606 | 0 | @a小提琴 |
| 690 | @aK815.76@v4 | |
| 701 | 1 | @aРаабен@bЛев Николаевич@4著 |
| 701 | 1 | @a拉阿本@9la a ben@bЛ.Н.@4著 |
| 702 | 0 | @a廖叔同@9liao shu tong@4译 |
| 801 | 0 | @aCN@bRENTIAN@c20070806 |
| 905 | @a10447@dK815.76@e116 | |
| 古今杰出小提琴家/(苏)Л.拉阿本(Лев Николаевич Раабен)著/廖叔同译.-北京:人民音乐出版社,1997(2001) |
| 284页:图;20cm |
| ISBN 7-103-01516-3:CNY13.30 |
| 本书包括二十六个小提家的传记,从三百年前的科列里一直到当代的克莱斯勒、海斐茨、梅纽因、奥伊斯特拉赫,在介绍这些音乐家成就和贡献的同时,也使我们看清西欧小提琴演奏艺术三百年来发展的来龙去脉。 |
| ● |
| 相关链接 |
|
|
|
|
正题名:古今杰出小提琴家
索取号:K815.76/116
 
预约/预借
| 序号 | 登录号 | 条形码 | 馆藏地/架位号 | 状态 | 备注 |
| 1 | 0804333 | 208043339 | 第二样本阅览室/ [索取号:K815.76/116] | 在馆 | |
| 2 | 0804334 | 208043348 | 第二借阅区/ [索取号:K815.76/116] | 在馆 | |
| 3 | 0804335 | 208043357 | 第二借阅区/ [索取号:K815.76/116] | 在馆 | |
| 4 | 0804336 | 208043366 | 第二借阅区/ [索取号:K815.76/116] | 在馆 | |
| 5 | 0804337 | 208043375 | 第二借阅区/ [索取号:K815.76/116] | 在馆 |